| 000 | 00000nam 2200000za 4500 |
| 001 | 9.840434 |
| 003 | CaOODSP |
| 005 | 20221107151836 |
| 007 | cr ||||||||||| |
| 008 | 170726s1969 oncao #o f000 0 fre d |
| 040 | |aCaOODSP|bfre |
| 043 | |an-cn--- |
| 086 | 1 |aR32-2369F-PDF|zR32-2369F |
| 245 | 00|aEn été chez les Indiens |h[ressource électronique]. |
| 260 | |aOttawa : |bMinistère des Affaires indiennes et du Nord canadien, |c1969. |
| 300 | |a[30] p. : |bill., photographies |
| 500 | |aTitre pris sur la couv. |
| 500 | |aPubl. aussi en anglais sous le titre : Indian summer. |
| 500 | |aÉdition numérisée de l’imprimé [par Affaires autochtones et du Nord Canada]. |
| 520 | |a« Depuis des siècles, les Indiens du Canada savourent les délices de l’été canadien. Pour eux, c’est un temps particulier, une époque de joies exceptionnelles, une saison incomparable. « En été chez les Indiens » c’est l’exposé des charmes de cette saison. » -- p. [4]. |
| 692 | 07|2gccst|aIndiens |
| 692 | 07|2gccst|aCoutume |
| 692 | 07|2gccst|aTemps (Météorologie) |
| 710 | 1 |aCanada. |bAffaires indiennes et du Nord Canada. |
| 775 | 08|tIndian summer |w(CaOODSP)9.840437 |
| 856 | 40|qPDF|s74.42 Mo|uhttps://publications.gc.ca/collections/collection_2017/aanc-inac/R32-2369-fra.pdf |